| 000 | 00992nmm a2200277 a 4500 | ||
|---|---|---|---|
| 001 | ocm000608253 | ||
| 003 | TR-IsHL | ||
| 005 | 20201028132320.0 | ||
| 008 | 131030s2009 tu tur | ||
| 007 | cr cn | ||
| 020 | _a9789944604819 | ||
| 035 |
_a608253 _b(N$T) |
||
| 050 | 0 | 4 |
_aHD7211.93 _b.V47 2009 |
| 090 | 0 | 4 |
_aHD7211.93 _b.V47 2009 |
| 245 | 1 | 0 |
_aVergi sosyal güvenlik ve ticaret işlemleri açısından fatura uygulama rehberi _h[electronic resource] / _chaz. Ö. Hakan Çavuş, İsa Karataş |
| 260 |
_aİstanbul : _bİstanbul Ticaret Odası, _c2009 |
||
| 300 | _a304 p. | ||
| 650 | 4 | _aEkonomi ve Finans | |
| 650 | 4 | _aEconomics and Finance | |
| 650 | 0 |
_aSosyal güvenlik _x Türkiye |
|
| 650 | 0 |
_aSocial security _x Turkey |
|
| 650 | 7 |
_aPOLITICAL SCIENCE / Public Policy / Social Security _2bisacsh |
|
| 700 | 1 | _aÇavuş, Ö. Hakan | |
| 700 | 1 | _aKarataş, İsa | |
| 856 | 4 | 0 | _uhttp://search.ebscohost.com/login.aspx?direct=true&scope=site&db=e011xww&AN=608253 |
| 999 |
_c5027 _d5027 |
||